[Event "Tolima Deportivo op"]
[Site "Tolima"]
[Date "2021.11.12"]
[Round "1"]
[White "Gonzalez Velasquez, Juana Valentina"]
[Black "Moreno Bermudez, Jhon Jairo"]
[Result "0-1"]
[WhiteElo "1331"]
[BlackElo "1842"]
[PlyCount "82"]
[EventDate "2021.11.12"]
[EventType "swiss"]
[EventRounds "7"]
[EventCountry "COL"]
[SourceTitle "CBM 205 Extra"]
[Source "ChessBase"]
[SourceDate "2022.01.31"]
[SourceVersion "1"]
[SourceVersionDate "2022.01.31"]
[SourceQuality "1"]

1. e4 c5 2. d3 e6 3. Nc3 Nc6 4. Nf3 d6 5. Be3 Nf6 6. Ne2 Be7 7. Ng3 0-0 8. Be2 d5 9. exd5 Qxd5 10. 0-0 b6 11. c4 Qd7 12. Nd2 Bb7 13. Nf3 Rad8 14. b3 Qc7 15. Bg5 Rd7 16. Bxf6 Bxf6 17. Nh5 Bxa1 18. Qxa1 Nd4 19. Nxd4 Rxd4 20. b4 Qc6 21. Bf3 Qd7 22. Bxb7 Qxb7 23. bxc5 bxc5 24. Rb1 Qc7 25. Re1 Rfd8 26. Re4 e5 27. Rxd4 Rxd4 28. Qd1 Qd7 29. Qf3 Rxd3 30. Qa8+ Qd8 31. Qxd8+ Rxd8 32. h3 Rd4 33. Ng3 Rxc4 34. Nf5 Rc1+ 35. Kh2 c4 36. Nd6 c3 37. Nb5 c2 38. a4 Ra1 39. Nxa7 c1Q 40. Nb5 Qf4+ 41. g3 Qxf2# 0-1

[Event "Ibague op"]
[Site "Ibague"]
[Date "2021.10.20"]
[Round "2"]
[White "Gonzalez Velasquez, Juana Valentina"]
[Black "Chirivi Castiblanco, Jenny Astrid"]
[Result "0-1"]
[WhiteElo "1339"]
[BlackElo "2170"]
[PlyCount "74"]
[EventDate "2021.10.20"]
[EventType "swiss"]
[EventRounds "9"]
[EventCountry "COL"]
[SourceTitle "CBM 204 Extra"]
[Source "ChessBase"]
[SourceDate "2021.11.30"]
[SourceVersion "1"]
[SourceVersionDate "2021.11.30"]
[SourceQuality "1"]

1. e4 c5 2. d3 Nc6 3. Nf3 g6 4. Nc3 Bg7 5. Be3 Nd4 6. a3 d6 7. b4 Nxf3+ 8. Qxf3 Bxc3+ 9. Bd2 Bxa1 10. bxc5 dxc5 11. Qe3 Qb6 12. Be2 Bd4 13. Qf4 c4 14. dxc4 Nf6 15. 0-0 0-0 16. h3 Be6 17. Be3 Bxe3 18. fxe3 Qc5 19. e5 Nd7 20. Bg4 Qxe5 21. Bxe6 fxe6 22. Qxe5 Rxf1+ 23. Kxf1 Nxe5 24. c5 Kf7 25. Kf2 Kf6 26. Kg3 Kf5 27. h4 Ke4 28. Kf2 Rd8 29. Ke2 Nc4 30. Kf2 Rd2+ 31. Kg3 Nxe3 32. Kh3 Rxg2 33. h5 g5 34. c6 bxc6 35. h6 Kf4 36. c4 g4+ 37. Kh4 Rh2# 0-1